Dodávatelsko-odberateľské vzťahy pri vývoze stavebných kapacít záverečná práca postgraduálneho štúdia

Salvato in:
Dettagli Bibliografici
Autore principale: Čuboň, Jozef
Ente Autore: Vysoká škola ekonomická v Bratislave
Altri autori: Szantó, Fric
Natura: Libro
Lingua:slovacco
Pubblicazione: Bratislava 1988
Tags: Aggiungi Tag
Nessun Tag, puoi essere il primo ad aggiungerne!!

MARC

LEADER 00000nam a2200000 4500
001 c039309
005 20221219091514.9
041 0 |a slo 
044 |a SK 
245 1 0 |a Dodávatelsko-odberateľské vzťahy pri vývoze stavebných kapacít  |b záverečná práca postgraduálneho štúdia  |c Jozef Čuboň ; ved. práce Fric Szantó 
264 1 |a Bratislava  |c 1988 
300 |a 48 s. 
100 1 |a Čuboň, Jozef 
700 1 |a Szantó, Fric 
710 2 |a Vysoká škola ekonomická v Bratislave